Laufey - California and Me (All lyrics) - Statistics

General Stats
  • This quiz has been taken 77 times
  • The average score is 102 of 166
Answer Stats
Answer % Correct
a
90%
me
88%
and
85%
California
85%
to
85%
you
85%
I
78%
back
76%
go
76%
should've
76%
New
73%
that
73%
leave
71%
York
68%
your
68%
her
66%
know
66%
so
66%
couldn't
63%
figured
63%
flame
63%
left
63%
stay
63%
the
63%
you'd
63%
can't
61%
holding
61%
make
61%
when
61%
for
59%
it
59%
my
59%
damn
56%
love
56%
ocean
56%
old
56%
tears
56%
wicked
56%
consider
54%
don't
54%
have
54%
run
54%
than
54%
this
54%
why
54%
didn't
51%
how
51%
of
51%
arms
49%
better
49%
in
49%
LA
49%
said
49%
too
49%
hide
46%
needed
46%
quit
46%
space
46%
laughing
44%
'bout
41%
but
41%
first
41%
let
41%
sight
41%
get
39%
I'm
39%
just
39%
much
39%
one
39%
thought
39%
through
39%
went
39%
were
39%
fought
37%
night
37%
sign
37%
will
37%
anxious
34%
bite
34%
could've
34%
down
34%
hurt
34%
maybe
34%
mountains
34%
sunset's
34%
terrible
34%
trouble
34%
imagine
32%
tongue
32%
driving
29%
weep
29%
young
29%
No matching quizzes found
Score Distribution
Percent of People with Each Score
Percentile by Number Answered
Your Score History
You have not taken this quiz